[Event "European Senior Team Championship 2014"]
[Site "Sibenik"]
[Date "2014.04.04"]
[Round "4.15"]
[White "Niebuhr, Gerd"]
[Black "White, Alastair F"]
[Result "1/2-1/2"]
[WhiteElo "2036"]
[BlackElo "2058"]
[PlyCount "37"]
[EventDate "2014.04.01"]

1. d4 d6 2. Nf3 Bg4 3. e4 Nf6 4. Nc3 e6 5. Be2 Be7 6. O-O O-O 7. h3 Bh5 8. Bf4
Nbd7 9. e5 Nd5 10. Nxd5 exd5 11. Qd2 Re8 12. Rfe1 Nf8 13. exd6 cxd6 14. g4 Bg6
15. Bb5 Nd7 16. Bd3 Nf6 17. Bxg6 hxg6 18. Ng5 Qd7 19. f3 1/2-1/2

[Event "European Senior Team Championship 2014"]
[Site "Sibenik"]
[Date "2014.04.04"]
[Round "4.15"]
[White "Borwell, Alan P"]
[Black "Juergens, Peter"]
[Result "1/2-1/2"]
[WhiteElo "2018"]
[BlackElo "2035"]
[PlyCount "52"]
[EventDate "2014.04.01"]

1. b3 e5 2. Bb2 Nc6 3. e3 d5 4. Bb5 Bd6 5. f4 Qe7 6. Nf3 Bg4 7. fxe5 Bxe5 8.
Bxe5 Bxf3 9. Qxf3 Qxe5 10. O-O Nf6 11. d4 Qd6 12. c4 O-O 13. Nc3 Ne7 14. c5 Qe6
15. Bd3 Qg4 16. Qf2 c6 17. h3 Qg5 18. Rae1 Ng6 19. e4 dxe4 20. Nxe4 Nxe4 21.
Rxe4 Qd8 22. Bc4 Qd7 23. h4 Rae8 24. Qe3 Rxe4 25. Qxe4 Qe7 26. Re1 Re8 1/2-1/2

[Event "European Senior Team Championship 2014"]
[Site "Sibenik"]
[Date "2014.04.04"]
[Round "4.15"]
[White "Hellwege, Werner"]
[Black "Mckerracher, Douglas"]
[Result "1-0"]
[WhiteElo "2006"]
[BlackElo "1987"]
[PlyCount "97"]
[EventDate "2014.04.01"]

1. d4 f5 2. c4 Nf6 3. Nc3 e6 4. Nf3 d5 5. Bf4 c6 6. e3 Be7 7. Bd3 O-O 8. O-O
Ne4 9. Rc1 Nd7 10. Ne5 Nd6 11. c5 Nf7 12. Nxf7 Rxf7 13. f3 Bf6 14. Bd6 g6 15.
f4 Be7 16. Bxe7 Qxe7 17. b4 Nf6 18. b5 Bd7 19. Qb3 Ng4 20. Rf3 Rg7 21. h3 Nf6
22. bxc6 Bxc6 23. Nb5 Bxb5 24. Qxb5 g5 25. Rg3 g4 26. hxg4 fxg4 27. e4 dxe4 28.
Bc4 Rc8 29. Qb3 Rc6 30. f5 h6 31. fxe6 Kh8 32. Qe3 Kh7 33. Bb3 Rxe6 34. Bxe6
Qxe6 35. Qb3 Qc6 36. Rf1 Kg6 37. Qe3 Qd5 38. Qf2 Rf7 39. Kh1 h5 40. Ra3 a6 41.
Rb3 Qg5 42. g3 Qd5 43. Rb6 e3+ 44. Qg2 Qxd4 45. Qc2+ Kg7 46. Qb2 Qe4+ 47. Kh2
Qe7 48. Rfxf6 Rxf6 49. Rxb7 1-0

[Event "European Senior Team Championship 2014"]
[Site "Sibenik"]
[Date "2014.04.04"]
[Round "4.15"]
[White "Marks, Ian A"]
[Black "Fritsch, Juergen"]
[Result "1/2-1/2"]
[WhiteElo "1985"]
[BlackElo "1950"]
[PlyCount "247"]
[EventDate "2014.04.01"]

1. d4 d5 2. c4 e6 3. Nf3 Nf6 4. g3 dxc4 5. Bg2 Bd6 6. O-O O-O 7. Qc2 Nbd7 8.
Qxc4 Nb6 9. Qc2 c6 10. e4 Be7 11. Nc3 Re8 12. a3 Bd7 13. e5 Nfd5 14. Ne4 Rf8
15. Neg5 Bxg5 16. Nxg5 f5 17. exf6 Nxf6 18. Re1 Re8 19. Bh3 g6 20. Bf4 Nbd5 21.
Be5 Qe7 22. Re2 Qg7 23. Rae1 h6 24. Bxf6 Nxf6 25. Bxe6+ Bxe6 26. Nxe6 Qf7 27.
Nc5 Rxe2 28. Qxe2 Re8 29. Qd2 Rxe1+ 30. Qxe1 b6 31. Ne4 Kg7 32. Nxf6 Qxf6 33.
Qe5 c5 34. Qxf6+ Kxf6 35. dxc5 bxc5 36. Kf1 Ke5 37. f4+ Kd4 38. Ke2 c4 39. Kf3
Kd3 40. g4 Kc2 41. f5 Kxb2 42. fxg6 c3 43. g7 c2 44. g8=Q c1=Q 45. Qb8+ Ka2 46.
Qxa7 Qc6+ 47. Kg3 Qd6+ 48. Kg2 Qd5+ 49. Kf2 Qd2+ 50. Kf3 Qd1+ 51. Kf4 Qd6+ 52.
Kf5 Qxh2 53. Qf7+ Kxa3 54. Qe7+ Ka2 55. Qe6+ Kb1 56. Kg6 Kc1 57. Qe3+ Kb1 58.
Qxh6 Qc2+ 59. Kg7 Qc7+ 60. Kf6 Qd6+ 61. Kg5 Qe5+ 62. Kg6 Qe4+ 63. Kh5 Qh1+ 64.
Kg5 Qd5+ 65. Kg6 Qe6+ 66. Kh5 Qe5+ 67. g5 Qh2+ 68. Kg6 Qc2+ 69. Kg7 Qc7+ 70.
Kh8 Qd8+ 71. Kh7 Qe7+ 72. Qg7 Qe3 73. g6 Qh3+ 74. Qh6 Qd3 75. Kg8 Qd5+ 76. Kh7
Qf5 77. Qh1+ Ka2 78. Qa8+ Kb1 79. Qb7+ Kc1 80. Qf7 Qh3+ 81. Kg8 Qc8+ 82. Kg7
Qc3+ 83. Qf6 Qc7+ 84. Kf8 Qc8+ 85. Kf7 Qd7+ 86. Qe7 Qd5+ 87. Kg7 Qd4+ 88. Kh7
Qd3 89. Qe6 Kb2 90. Kg8 Qd8+ 91. Kh7 Qh4+ 92. Kg7 Kb1 93. Qb6+ Ka2 94. Qf6 Qe4
95. Kg8 Qe8+ 96. Kh7 Qe4 97. Qf7+ Kb1 98. Kg8 Qa8+ 99. Kg7 Qe4 100. Qf6 Kc1
101. Kf7 Qb7+ 102. Kg8 Qd5+ 103. Kf8 Qa8+ 104. Kf7 Qd5+ 105. Ke8 Qe4+ 106. Kf8
Qa8+ 107. Kg7 Qb7+ 108. Qf7 Qb2+ 109. Kg8 Qb8+ 110. Qf8 Qb3+ 111. Kh7 Qd3 112.
Qc5+ Kb1 113. Qg5 Qe4 114. Kh6 Qe6 115. Kh5 Qh3+ 116. Qh4 Qf5+ 117. Kh6 Qe6
118. Qd8 Kc1 119. Qg5+ Kb1 120. Kh7 Qe4 121. Kg8 Qe8+ 122. Kh7 Qe4 123. Qg1+
Kb2 124. Qf2+ 1/2-1/2

[Event "European Senior Team Championship 2014"]
[Site "Sibenik"]
[Date "2014.04.04"]
[Round "4.16"]
[White "Vinke, Dietmar"]
[Black "Lahti, Jouko"]
[Result "1/2-1/2"]
[WhiteElo "2173"]
[BlackElo "2046"]
[PlyCount "43"]
[EventDate "2014.04.01"]

1. Nf3 d6 2. d4 g6 3. e4 Bg7 4. g3 c6 5. Bg2 Nd7 6. O-O Qc7 7. Nbd2 Ngf6 8. Re1
e5 9. dxe5 dxe5 10. b3 O-O 11. Bb2 Rd8 12. Qe2 Ne8 13. Rad1 Nf8 14. Nc4 Rxd1
15. Rxd1 f6 16. a4 Be6 17. Ba3 Rd8 18. Bf1 Rd7 19. Rxd7 Nxd7 20. Qd2 Bf8 21.
Bxf8 Nxf8 22. Ne1 1/2-1/2

[Event "European Senior Team Championship 2014"]
[Site "Sibenik"]
[Date "2014.04.04"]
[Round "4.16"]
[White "Auvinen, Esa"]
[Black "Leukkunen, Raimo"]
[Result "1/2-1/2"]
[WhiteElo "1988"]
[BlackElo "1881"]
[PlyCount "34"]
[EventDate "2014.04.01"]

1. e4 e5 2. Nf3 Nc6 3. Bb5 a6 4. Bxc6 dxc6 5. d4 Bg4 6. dxe5 Qxd1+ 7. Kxd1
Bxf3+ 8. gxf3 O-O-O+ 9. Ke2 Re8 10. f4 f6 11. exf6 Rxe4+ 12. Kf3 Nxf6 13. Be3
Bd6 14. Nc3 Re7 15. Rad1 Rf8 16. Rhg1 g6 17. Rd4 Rfe8 1/2-1/2

[Event "European Senior Team Championship 2014"]
[Site "Sibenik"]
[Date "2014.04.04"]
[Round "4.16"]
[White "Rintakoski, Pentti"]
[Black "Laitinen, Martti"]
[Result "1/2-1/2"]
[WhiteElo "1824"]
[BlackElo "1770"]
[PlyCount "66"]
[EventDate "2014.04.01"]

1. e4 c5 2. Nf3 Nc6 3. Bc4 d6 4. Nc3 Nf6 5. h3 e6 6. a3 Be7 7. d4 cxd4 8. Nxd4
O-O 9. O-O a6 10. Ba2 Qc7 11. Be3 b5 12. Rc1 Bb7 13. f3 Ne5 14. Bxe6 fxe6 15.
Nxe6 Qd7 16. Nxf8 Rxf8 17. Bd4 Nc4 18. Ne2 Qe6 19. Qe1 d5 20. Ng3 dxe4 21. fxe4
Nxe4 22. Rxf8+ Bxf8 23. Nxe4 Bxe4 24. Qf2 Qg6 25. Rf1 Be7 26. Qe2 Bf6 27. Bxf6
gxf6 28. Rf4 f5 29. Rf2 Nxb2 30. Qd2 Nc4 31. Qd8+ Kg7 32. Qe7+ Qf7 33. Qg5+ Qg6
1/2-1/2

[Event "European Senior Team Championship 2014"]
[Site "Sibenik"]
[Date "2014.04.04"]
[Round "4.17"]
[White "Just, Joachim"]
[Black "Grahn, Lars"]
[Result "0-1"]
[WhiteElo "1982"]
[BlackElo "2000"]
[PlyCount "128"]
[EventDate "2014.04.01"]

1. c4 f5 2. d4 Nf6 3. Nf3 g6 4. Nc3 Bg7 5. g3 O-O 6. Bg2 d6 7. O-O c6 8. Qc2
Na6 9. Bd2 Qe8 10. Rfe1 e5 11. dxe5 dxe5 12. Rad1 e4 13. Ng5 h6 14. Nh3 g5 15.
Qc1 f4 16. Nxf4 gxf4 17. Bxf4 Qg6 18. Rd6 Bf5 19. Red1 Rfe8 20. Na4 Bf8 21. c5
Bxd6 22. Rxd6 Kh7 23. Qc3 Re6 24. Qd4 Nd5 25. Rd7+ Re7 26. Rxe7+ Nxe7 27. Nc3
Re8 28. Bd6 Ng8 29. Be5 Qe6 30. Bh8 Qd7 31. Qxd7+ Bxd7 32. Bd4 Bf5 33. g4 Bg6
34. h4 h5 35. gxh5 Bf5 36. f3 exf3 37. Bxf3 Nh6 38. e4 Bg4 39. Bg2 Rf8 40. Bf1
Bxh5 41. e5 Rd8 42. Bf2 Rg8+ 43. Kh1 Bf3+ 44. Kh2 Ng4+ 45. Kg3 Nxf2+ 46. Kxf2
Rf8 47. Ke3 Nxc5 48. b4 Ne6 49. Bc4 Bg4 50. Ne4 Rf3+ 51. Kd2 Kg7 52. Bxe6 Bxe6
53. Ng5 Bg4 54. Nxf3 Bxf3 55. Ke3 Bh5 56. Kd4 Kf7 57. a4 b6 58. a5 Ke6 59. Ke4
Be8 60. Kf4 c5 61. axb6 axb6 62. bxc5 bxc5 63. Ke4 Bg6+ 64. Kf4 c4 0-1

[Event "European Senior Team Championship 2014"]
[Site "Sibenik"]
[Date "2014.04.04"]
[Round "4.17"]
[White "Sandklef, Ake"]
[Black "Swoboda, Peter"]
[Result "0-1"]
[WhiteElo "1948"]
[BlackElo "2011"]
[PlyCount "64"]
[EventDate "2014.04.01"]

1. d4 d5 2. c4 c6 3. Nc3 Nf6 4. e3 e6 5. Nf3 Nbd7 6. Bd3 dxc4 7. Bxc4 Nb6 8.
Bd3 c5 9. O-O cxd4 10. exd4 Be7 11. Bf4 O-O 12. Rc1 Nbd5 13. Bg3 Nh5 14. Nxd5
Qxd5 15. Bb1 Nxg3 16. hxg3 Bf6 17. Rc5 Qd6 18. Qc2 g6 19. Rd1 Bd7 20. Qd2 Bc6
21. Ng5 Rad8 22. Rc4 b5 23. Rxc6 Qxc6 24. Qf4 Bxg5 25. Qxg5 Qd5 26. Qf4 Rfe8
27. Be4 Qd6 28. Qf3 a6 29. Qe3 Qb6 30. Bf3 Rd6 31. Qe5 Red8 32. Qg5 Rxd4 0-1

[Event "European Senior Team Championship 2014"]
[Site "Sibenik"]
[Date "2014.04.04"]
[Round "4.18"]
[White "Vehkalahti, Veli"]
[Black "Fernengel, Rudolf"]
[Result "1/2-1/2"]
[WhiteElo "1972"]
[BlackElo "1786"]
[PlyCount "48"]
[EventDate "2014.04.01"]

1. d4 d5 2. Nf3 c6 3. e3 Nf6 4. c4 e6 5. cxd5 exd5 6. Be2 Ne4 7. O-O Nd7 8. a3
Bd6 9. b4 O-O 10. b5 f5 11. bxc6 bxc6 12. Qc2 Qc7 13. Bd2 Nxd2 14. Nbxd2 Nf6
15. Rfc1 Bd7 16. g3 Ne4 17. Ne1 Rf6 18. f4 Rc8 19. Nf1 c5 20. Nf3 c4 21. Ne5
Bxe5 22. dxe5 Rb6 23. Rd1 Be6 24. Bf3 Qc5 1/2-1/2

[Event "European Senior Team Championship 2014"]
[Site "Sibenik"]
[Date "2014.04.04"]
[Round "4.18"]
[White "Mai, Hartmut"]
[Black "Karppinen, Martti"]
[Result "1/2-1/2"]
[WhiteElo "1944"]
[BlackElo "1880"]
[PlyCount "53"]
[EventDate "2014.04.01"]

1. d4 d5 2. Nf3 Nf6 3. Bf4 g6 4. e3 Bg7 5. Bd3 c5 6. c3 c4 7. Bc2 O-O 8. h3 Nc6
9. Nbd2 a6 10. O-O b5 11. a3 Bd7 12. Qe2 Qc8 13. Rfe1 Bf5 14. e4 dxe4 15. Nxe4
Nd5 16. Bg3 Re8 17. Rad1 Bh6 18. Nh4 Qe6 19. Nxf5 gxf5 20. Nc5 Qxe2 21. Rxe2 e6
22. Nd7 Kh8 23. Rde1 Rg8 24. Ne5 Nxe5 25. Bxe5+ Bg7 26. Kh2 Bxe5+ 27. Rxe5
1/2-1/2

[Event "European Senior Team Championship 2014"]
[Site "Sibenik"]
[Date "2014.04.04"]
[Round "4.18"]
[White "Patola, Eero"]
[Black "Neudel, Bernd"]
[Result "1-0"]
[WhiteElo "1868"]
[BlackElo "1895"]
[PlyCount "41"]
[EventDate "2014.04.01"]

1. e4 c5 2. c4 e5 3. Nc3 Nc6 4. g3 g6 5. Bg2 Bg7 6. d3 Nge7 7. Nge2 d6 8. O-O
O-O 9. h3 f5 10. Rb1 Rb8 11. a3 a5 12. Be3 Be6 13. Qd2 Nd4 14. Bg5 Qd7 15. Nxd4
exd4 16. Nd5 Nc6 17. exf5 Bxf5 18. g4 Be6 19. Rbe1 b5 20. cxb5 Rxb5 21. Rxe6
1-0

[Event "European Senior Team Championship 2014"]
[Site "Sibenik"]
[Date "2014.04.05"]
[Round "5.1"]
[White "Kristiansen, Jens"]
[Black "Dvoirys, Semen I"]
[Result "0-1"]
[WhiteElo "2412"]
[BlackElo "2560"]
[PlyCount "88"]
[EventDate "2014.04.01"]

1. d4 Nf6 2. c4 g6 3. Nc3 d5 4. Nf3 Bg7 5. Bg5 Ne4 6. Bh4 Nxc3 7. bxc3 dxc4 8.
e3 b5 9. a4 c6 10. Nd2 Be6 11. Be2 a6 12. O-O O-O 13. Bf3 Ra7 14. Ne4 Bd5 15.
axb5 cxb5 16. Nc5 Bxf3 17. Qxf3 Qb6 18. Rfb1 Nd7 19. Rxa6 Rxa6 20. Nxd7 Qa7 21.
Nxf8 Ra1 22. Qd1 Rxb1 23. Qxb1 Bxf8 24. f3 Qa4 25. e4 Qb3 26. Qc1 b4 27. Be1
Qa3 28. Bd2 e5 29. cxb4 Qxc1+ 30. Bxc1 exd4 31. b5 c3 32. Kf1 d3 33. b6 d2 34.
Bxd2 cxd2 35. Ke2 Bd6 36. g3 Kf8 37. Kxd2 Ke7 38. f4 Kd7 39. e5 Bc5 40. b7 Kc7
41. Kd3 Bg1 42. Ke4 Bxh2 43. g4 Kxb7 44. f5 Kc6 0-1

[Event "European Senior Team Championship 2014"]
[Site "Sibenik"]
[Date "2014.04.05"]
[Round "5.1"]
[White "Gleizerov, Evgeny"]
[Black "Brinck-Claussen, Bjorn"]
[Result "1-0"]
[WhiteElo "2531"]
[BlackElo "2240"]
[PlyCount "61"]
[EventDate "2014.04.01"]

1. d4 Nf6 2. c4 g6 3. Nc3 d5 4. cxd5 Nxd5 5. Bd2 Nb6 6. e3 Bg7 7. f4 O-O 8. Nf3
a5 9. Be2 Na6 10. O-O c5 11. Nb5 Nd7 12. Bc3 Nf6 13. Qe1 Nb4 14. Rd1 Nxa2 15.
dxc5 Bd7 16. Bd4 Nb4 17. Na3 Qe8 18. Ne5 Ba4 19. Ra1 Nc6 20. Nac4 Nxd4 21. exd4
Bc6 22. Rxa5 Nd5 23. Qd2 Rxa5 24. Nxa5 Qc8 25. b4 f6 26. Bg4 f5 27. Be2 Rd8 28.
b5 Be8 29. Rc1 Kh8 30. c6 b6 31. Nb7 1-0

[Event "European Senior Team Championship 2014"]
[Site "Sibenik"]
[Date "2014.04.05"]
[Round "5.1"]
[White "Sorensen, Bent"]
[Black "Gavrilov, Alexei"]
[Result "0-1"]
[WhiteElo "2262"]
[BlackElo "2466"]
[PlyCount "78"]
[EventDate "2014.04.01"]

1. Nf3 d5 2. g3 c6 3. Bg2 Bg4 4. b3 Nd7 5. Bb2 e6 6. O-O Ngf6 7. d4 Be7 8. c4
O-O 9. Nc3 h6 10. Rc1 Rc8 11. Ne5 Nxe5 12. dxe5 Nd7 13. cxd5 cxd5 14. Qd4 Bh5
15. e4 Bc5 16. Qd2 Nxe5 17. exd5 Nf3+ 18. Bxf3 Bxf3 19. Qf4 Qf6 20. Qxf6 gxf6
21. Rfe1 exd5 22. Na4 Bb4 23. Re3 Rxc1+ 24. Bxc1 Be4 25. f3 Bb1 26. a3 Bd6 27.
Re2 Rc8 28. Be3 Bc2 29. Bxa7 Bxb3 30. Nb6 Bc5+ 31. Kg2 Rc6 32. Re8+ Kg7 33. Nc8
b6 34. Ne7 Re6 35. Nf5+ Kg6 36. Nh4+ Kh7 37. Rb8 d4 38. Rb7 Re2+ 39. Kh3 d3 0-1

[Event "European Senior Team Championship 2014"]
[Site "Sibenik"]
[Date "2014.04.05"]
[Round "5.1"]
[White "Zhelnin, Vladimir V"]
[Black "Grabow, Pouelsten Holm"]
[Result "1-0"]
[WhiteElo "2457"]
[BlackElo "2131"]
[PlyCount "87"]
[EventDate "2014.04.01"]

1. e4 e6 2. d4 d5 3. Nc3 Nf6 4. Bg5 Be7 5. e5 Nfd7 6. Bxe7 Qxe7 7. f4 a6 8. Nf3
c5 9. dxc5 Nc6 10. Qd2 Nxc5 11. O-O-O b5 12. Qe3 Bb7 13. Nd4 b4 14. Nce2 Ne4
15. Nxc6 Bxc6 16. Nd4 Qc5 17. Bd3 Bb7 18. Rhe1 g6 19. Bxe4 dxe4 20. Nb3 Qc7 21.
Nc5 Bd5 22. Nxe4 Bxe4 23. Qxe4 Rc8 24. Re2 a5 25. Red2 O-O 26. Rd7 Qc5 27. R7d2
Kg7 28. Qd4 Qc6 29. g3 h5 30. Kb1 Rc7 31. h3 Rfc8 32. g4 hxg4 33. hxg4 Rh8 34.
f5 Rh1 35. f6+ Kh6 36. Qe3+ g5 37. Qd3 Rh4 38. b3 Rxg4 39. Rh2+ Rh4 40. Rxh4+
gxh4 41. Rg1 Qc3 42. Qe4 Qh3 43. Qf4+ Kh5 44. Qg5# 1-0

[Event "European Senior Team Championship 2014"]
[Site "Sibenik"]
[Date "2014.04.05"]
[Round "5.2"]
[White "Kurajica, Bojan"]
[Black "Hulak, Krunoslav"]
[Result "1/2-1/2"]
[WhiteElo "2506"]
[BlackElo "2475"]
[PlyCount "20"]
[EventDate "2014.04.01"]

1. d4 Nf6 2. Nf3 e6 3. g3 d5 4. Bg2 Be7 5. O-O O-O 6. c4 dxc4 7. Qc2 a6 8. a4
Bd7 9. Qxc4 Bc6 10. Bg5 Nbd7 1/2-1/2

[Event "European Senior Team Championship 2014"]
[Site "Sibenik"]
[Date "2014.04.05"]
[Round "5.2"]
[White "Cebalo, Miso"]
[Black "Dizdarevic, Emir"]
[Result "1/2-1/2"]
[WhiteElo "2418"]
[BlackElo "2503"]
[PlyCount "21"]
[EventDate "2014.04.01"]

1. c4 e6 2. d4 Nf6 3. Nf3 Bb4+ 4. Nbd2 b6 5. a3 Bxd2+ 6. Bxd2 Bb7 7. Bg5 h6 8.
Bxf6 Qxf6 9. e3 c5 10. Be2 cxd4 11. Qxd4 1/2-1/2

[Event "European Senior Team Championship 2014"]
[Site "Sibenik"]
[Date "2014.04.05"]
[Round "5.2"]
[White "Vukic, Milan"]
[Black "Rogulj, Branko"]
[Result "1/2-1/2"]
[WhiteElo "2386"]
[BlackElo "2421"]
[PlyCount "25"]
[EventDate "2014.04.01"]

1. Nf3 c5 2. c4 Nf6 3. g3 Nc6 4. Bg2 g6 5. O-O Bg7 6. d4 cxd4 7. Nxd4 O-O 8.
Nc3 Nxd4 9. Qxd4 d6 10. Qd3 Be6 11. Bxb7 Rb8 12. Bg2 Qa5 13. Rb1 1/2-1/2

[Event "European Senior Team Championship 2014"]
[Site "Sibenik"]
[Date "2014.04.05"]
[Round "5.3"]
[White "Ftacnik, Lubomir"]
[Black "Fauland, Alexander"]
[Result "1-0"]
[WhiteElo "2563"]
[BlackElo "2417"]
[PlyCount "111"]
[EventDate "2014.04.01"]

1. Nf3 Nf6 2. c4 e6 3. Nc3 Bb4 4. Qc2 O-O 5. a3 Bxc3 6. Qxc3 b6 7. b4 d6 8. Bb2
Nbd7 9. e3 Bb7 10. Be2 Qe7 11. O-O e5 12. d4 Ne4 13. Qc2 Ng5 14. Nxg5 Qxg5 15.
d5 Qg6 16. Bd3 f5 17. f4 e4 18. Be2 Nf6 19. Rad1 a5 20. Bd4 axb4 21. axb4 Qf7
22. h3 Qg6 23. Kh2 Bc8 24. Ra1 Bd7 25. Qc3 Qf7 26. Rg1 Qe7 27. g3 Rfb8 28. Rgc1
Qf8 29. Kg1 Qf7 30. Kf2 Kf8 31. Rxa8 Rxa8 32. Ra1 Rxa1 33. Qxa1 Ne8 34. Qa8 Qe7
35. Bd1 Qf7 36. Kg2 Qe7 37. Be2 Kf7 38. Qa7 Bc8 39. Bh5+ g6 40. Be2 h5 41. c5
bxc5 42. bxc5 dxc5 43. Bxc5 Nd6 44. Bb4 Qd7 45. Qc5 Qd8 46. Ba5 Ne8 47. Bb5 Bb7
48. Bxe8+ Qxe8 49. Qc4 Bc8 50. Qxc7+ Qd7 51. Qc4 Qb7 52. Bc3 Qa6 53. Qc7+ Ke8
54. Qe5+ Kd7 55. Kg1 Qc4 56. Qe6+ 1-0

[Event "European Senior Team Championship 2014"]
[Site "Sibenik"]
[Date "2014.04.05"]
[Round "5.3"]
[White "Wallner, Joachim"]
[Black "Stohl, Igor"]
[Result "1/2-1/2"]
[WhiteElo "2361"]
[BlackElo "2516"]
[PlyCount "32"]
[EventDate "2014.04.01"]

1. e4 c5 2. Nf3 d6 3. Bb5+ Nd7 4. O-O a6 5. Bxd7+ Bxd7 6. Re1 e6 7. c4 b5 8. b3
e5 9. Nc3 Ne7 10. d3 h6 11. a4 bxc4 12. bxc4 g6 13. Nd5 Bg7 14. Bd2 Nxd5 15.
cxd5 O-O 16. Bc3 Bg4 1/2-1/2

[Event "European Senior Team Championship 2014"]
[Site "Sibenik"]
[Date "2014.04.05"]
[Round "5.3"]
[White "Plachetka, Jan"]
[Black "Thoma, Robert"]
[Result "1/2-1/2"]
[WhiteElo "2360"]
[BlackElo "2342"]
[PlyCount "99"]
[EventDate "2014.04.01"]

1. e4 g6 2. d4 Bg7 3. Nc3 c6 4. Nf3 d5 5. h3 Nf6 6. Bd3 dxe4 7. Nxe4 Nxe4 8.
Bxe4 Nd7 9. O-O O-O 10. Re1 c5 11. c3 Qc7 12. Bc2 cxd4 13. Nxd4 Nc5 14. Be3 a6
15. Qe2 e5 16. Nf3 Re8 17. Qc4 Ne6 18. Qxc7 Nxc7 19. Bb3 Be6 20. Rad1 Bxb3 21.
axb3 Ne6 22. Bb6 Nf8 23. b4 Rac8 24. Rd6 e4 25. Nd2 f5 26. Nb3 Be5 27. Rd5 Bc7
28. Bxc7 Rxc7 29. Nc5 Ne6 30. Nxe6 Rxe6 31. Kf1 Kf7 32. Ke2 Ree7 33. Red1 Ke6
34. Rd6+ Kf7 35. g3 Re6 36. Ke3 Rce7 37. R6d5 Kf6 38. b5 axb5 39. Rxb5 Rc7 40.
Rd4 b6 41. Rd8 Rcc6 42. g4 Kg5 43. gxf5 gxf5 44. Rdd5 Rf6 45. Rb4 Rce6 46. Rbb5
Rf7 47. Rd4 Rff6 48. Rdd5 Rf7 49. f4+ exf3+ 50. Kxf3 1/2-1/2

[Event "European Senior Team Championship 2014"]
[Site "Sibenik"]
[Date "2014.04.05"]
[Round "5.3"]
[White "Danner, Georg"]
[Black "Petran, Peter"]
[Result "1/2-1/2"]
[WhiteElo "2336"]
[BlackElo "2316"]
[PlyCount "107"]
[EventDate "2014.04.01"]

1. d4 g6 2. Nf3 Bg7 3. c4 d6 4. e4 Bg4 5. Be2 Nc6 6. Be3 Bxf3 7. Bxf3 e5 8. d5
Nd4 9. Nc3 c5 10. dxc6 bxc6 11. O-O Ne7 12. b4 O-O 13. Rb1 Rb8 14. Bg4 f5 15.
exf5 gxf5 16. Bh5 c5 17. b5 Rb7 18. Qd2 Qd7 19. f4 Qe6 20. Be2 Ng6 21. Bxd4
cxd4 22. Nd5 e4 23. a4 Kh8 24. a5 Ne7 25. Nxe7 Rxe7 26. b6 axb6 27. axb6 d3 28.
Bxd3 exd3 29. Rfe1 Qf6 30. Rxe7 Qxe7 31. Qxd3 Qe4 32. Rd1 Qxf4 33. Qxd6 Qxc4
34. b7 Qb5 35. Qe7 Qe5 36. Qxe5 Bxe5 37. g3 Kg7 38. Rd7+ Kg6 39. Kg2 h5 40. Rd5
Kf6 41. Rc5 Rb8 42. Rc6+ Kf7 43. Rb6 h4 44. gxh4 Bc7 45. Rb2 Ke6 46. Kf3 Rd8
47. h5 Bb8 48. h6 Rd3+ 49. Kg2 Kf7 50. Rc2 Kg6 51. Rc8 Bf4 52. b8=Q Bxb8 53.
Rxb8 Kxh6 54. Rg8 1/2-1/2

[Event "European Senior Team Championship 2014"]
[Site "Sibenik"]
[Date "2014.04.05"]
[Round "5.4"]
[White "Vasiukov, Evgeni"]
[Black "Karlsson, Lars"]
[Result "0-1"]
[WhiteElo "2451"]
[BlackElo "2408"]
[PlyCount "98"]
[EventDate "2014.04.01"]

1. e4 c5 2. Nf3 Nc6 3. Bb5 Nf6 4. Bxc6 bxc6 5. d3 g6 6. O-O Bg7 7. Nbd2 O-O 8.
Re1 Ne8 9. e5 f6 10. Qe2 fxe5 11. Nxe5 Qc7 12. Nef3 e6 13. Nb3 d6 14. c3 e5 15.
h3 Nf6 16. d4 cxd4 17. cxd4 e4 18. Nh2 a5 19. Qc4+ Kh8 20. Bg5 Ba6 21. Qc3 Nd5
22. Qd2 a4 23. Nc1 Rae8 24. Ne2 a3 25. bxa3 Bxe2 26. Rxe2 c5 27. Be3 c4 28. Rc1
c3 29. Qc2 Qc4 30. Nf1 Qd3 31. Ree1 Rb8 32. Qa4 Nxe3 33. fxe3 Rxf1+ 34. Rxf1
Qxe3+ 35. Kh1 Qxd4 36. Qd7 e3 37. Rfd1 Qf4 38. Rf1 Qe5 39. Rf7 e2 40. Re7 Qf4
41. Re8+ Rxe8 42. Qxe8+ Bf8 43. Rg1 Qf2 44. Kh2 c2 45. Rc1 Qf4+ 46. g3 Qf2+ 47.
Kh1 h6 48. h4 h5 49. a4 Kh7 0-1

[Event "European Senior Team Championship 2014"]
[Site "Sibenik"]
[Date "2014.04.05"]
[Round "5.4"]
[White "Wahlbom, Magnus"]
[Black "Pushkov, Nikolai"]
[Result "1/2-1/2"]
[WhiteElo "2291"]
[BlackElo "2345"]
[PlyCount "78"]
[EventDate "2014.04.01"]

1. d4 Nf6 2. c4 e6 3. Nc3 d5 4. cxd5 exd5 5. Bg5 Be7 6. e3 c6 7. Qc2 Nbd7 8.
Bd3 Nh5 9. Bxe7 Qxe7 10. Nge2 Nb6 11. O-O-O g6 12. Ng3 Nxg3 13. hxg3 h5 14. Kb1
Be6 15. Rc1 O-O-O 16. Na4 Nxa4 17. Qxa4 Kb8 18. Rc3 Rc8 19. Rhc1 h4 20. gxh4
Rxh4 21. Ra3 b5 22. Qc2 Rh2 23. Rc3 Qb7 24. g3 a6 25. Qe2 Qd7 26. Qf3 Kb7 27.
b4 Bg4 28. Qf6 Qe6 29. Qxe6 Bxe6 30. R3c2 f5 31. Kb2 Bd7 32. Kb3 Kc7 33. Rd2
Kd6 34. a4 Rch8 35. axb5 axb5 36. Ra1 Rg2 37. Kc3 Rhh2 38. Rf1 Rh8 39. Ra1 Rhh2
1/2-1/2

[Event "European Senior Team Championship 2014"]
[Site "Sibenik"]
[Date "2014.04.05"]
[Round "5.4"]
[White "Mishuchkov, Nikolai M"]
[Black "Bergstrom, Rolf"]
[Result "1/2-1/2"]
[WhiteElo "2312"]
[BlackElo "2285"]
[PlyCount "52"]
[EventDate "2014.04.01"]

1. d4 d6 2. Nf3 Nf6 3. g3 g6 4. Bg2 Bg7 5. O-O O-O 6. c4 Bf5 7. Nh4 Be4 8. Bxe4
Nxe4 9. Qd3 d5 10. cxd5 Qxd5 11. Nc3 Nxc3 12. bxc3 e6 13. Nf3 Nd7 14. c4 Qh5
15. Qe4 c6 16. Rb1 Nf6 17. Qe5 b6 18. Ba3 Rfc8 19. Qxh5 Nxh5 20. Rfd1 Nf6 21.
Rd3 Bf8 22. Bxf8 Kxf8 23. Ne5 Rc7 24. a4 Nd7 25. Nxd7+ Rxd7 26. a5 Rb8 1/2-1/2

[Event "European Senior Team Championship 2014"]
[Site "Sibenik"]
[Date "2014.04.05"]
[Round "5.4"]
[White "Hammar, Bengt"]
[Black "Kremenietsky, Anatoly M"]
[Result "0-1"]
[WhiteElo "2232"]
[BlackElo "2332"]
[PlyCount "60"]
[EventDate "2014.04.01"]

1. d4 Nf6 2. Nf3 d6 3. c4 Nbd7 4. Nc3 e5 5. e4 g6 6. Be2 Bg7 7. O-O O-O 8. Be3
Re8 9. d5 a5 10. Ne1 b6 11. Nd3 Nc5 12. Nxc5 bxc5 13. Qd2 Ng4 14. Bxg4 Bxg4 15.
Bh6 Bd7 16. Bxg7 Kxg7 17. f4 Rb8 18. f5 Qh4 19. Rae1 gxf5 20. exf5 Qd4+ 21. Qf2
Rxb2 22. Re2 Rxe2 23. Nxe2 Qxf2+ 24. Rxf2 Rb8 25. Ng3 Rb1+ 26. Nf1 Rc1 27. Rb2
Bxf5 28. Kf2 Rc2+ 29. Rxc2 Bxc2 30. Ne3 Bb1 0-1

[Event "European Senior Team Championship 2014"]
[Site "Sibenik"]
[Date "2014.04.05"]
[Round "5.6"]
[White "Soylu, Suat"]
[Black "Westerinen, Heikki M.J"]
[Result "1/2-1/2"]
[WhiteElo "2407"]
[BlackElo "2293"]
[PlyCount "81"]
[EventDate "2014.04.01"]

1. e4 e6 2. d3 c5 3. Nf3 Nc6 4. g3 g6 5. Bg2 Bg7 6. O-O Nge7 7. c3 O-O 8. Re1
b6 9. d4 cxd4 10. Nxd4 Nxd4 11. cxd4 Bb7 12. Nc3 d6 13. Be3 Qd7 14. Qd2 Rfc8
15. Rac1 Rc7 16. f3 Rac8 17. Bh3 d5 18. e5 b5 19. Ne2 Rxc1 20. Rxc1 Rxc1+ 21.
Nxc1 Qc7 22. Nb3 Nc8 23. Bf1 Nb6 24. Qa5 a6 25. Nc5 Bf8 26. Nxa6 Bxa6 27. Qxa6
b4 28. b3 h5 29. Qb5 Nd7 30. Bd2 Qb6 31. Qxb6 Nxb6 32. Bg5 Nc8 33. Bd3 Be7 34.
h4 Bxg5 35. hxg5 Na7 36. Kf2 Kf8 37. Ke3 Ke7 38. f4 Kd7 39. Be2 Kc6 40. Kd2 Nc8
41. Bd3 1/2-1/2